| 000 | 00387pab a2200133 454500 | ||
|---|---|---|---|
| 008 | 180718b xxu||||| |||| 00| 0 eng d | ||
| 100 | _aGupta S.P. | ||
| 245 | _aDelet crisis and economic reforms | ||
| 362 | _a27 Dec 93, p.6; 28 Dec 93, p.6; 29 Dec 93, p.6 | ||
| 650 | _a International Economic Relations | ||
| 650 | _aDelet Economic Reform | ||
| 773 | _aFinancial Express | ||
| 909 | _a25758 | ||
| 999 |
_c25758 _d25758 |
||